00407nam a2200157Ia 4500008004100000020001800041245004600059245004700105260001500152260001600167260000900183300001400192300002500206300001000231500000800241170705s9999 xx 000 0 und d a9780545485937 4aThe gingerbread man loose in the school / cLaura Murray ; illustrated by Mike Lowery. aNew York : bScholastic, c2011 aunpaged : bcolor illustration ; c28cm. a580